000 00415nam a2200109Ia 4500
008 160909s9999 xx 000 0 und d
100 _aStambaugh, Jon D.
245 4 _aThe lived experiences of being a father of a child with type 1 diabetes: A phenomenological study
260 _bSaint Mary's University of Minnesota.
_c2016
650 _aNursing
856 _uhttp://pqdtopen.proquest.com/doc/1806531754.html?FMT=ABS
999 _c303929
_d303929